Càmpings. Parcs aquàtics /
Descripción Física:
27 p. ; 21 cm
Colección:
Consum (Barcelona (Catalunya : Província). Diputació)
; 20
Materias:
Càmpings -- Dret i legislació -- Catalunya
; Parcs aquàtics -- Dret i legislació -- Catalunya
Idioma:
Catalán
MARC
| LEADER | 00000nam a2200000Ia 4500 | ||
|---|---|---|---|
| 001 | 12411 | ||
| 003 | Arxiu | ||
| 005 | 20260324175411.0 | ||
| 008 | 160829s2000 spc xx s cat c | ||
| 040 | |a AGDB | ||
| 041 | |a cat | ||
| 080 | |a FU-14-19 | ||
| 100 | 1 | |a Vidal Quirante, Marta |9 23592 | |
| 245 | 1 | 0 | |a Càmpings. Parcs aquàtics / |c Marta Vidal Quirante |
| 260 | |a Barcelona : |b Diputació de Barcelona. Servei de Salut Pública i Consum, |c 2000 | ||
| 300 | |a 27 p. ; |c 21 cm | ||
| 490 | 1 | |a Consum ; |v 20 | |
| 650 | |a Càmpings |x Dret i legislació |x Catalunya |9 31708 | ||
| 650 | |a Parcs aquàtics |x Dret i legislació |x Catalunya |9 31709 | ||
| 710 | |a Barcelona (Catalunya : Província). |b Servei de Salut Pública i Consum |9 8151 | ||
| 830 | 0 | |9 56020 |a Consum (Barcelona (Catalunya : Província). Diputació) |v 20 | |
| 901 | |a Arxiu | ||
| 942 | |n 1 |2 udc |c ARXIU | ||
| 952 | |0 0 |1 0 |4 0 |6 FU1419 |7 1 |9 45732 |a Arxiu |b Arxiu |d 2016-12-01 |l 0 |o FU-14-19 |p 12411 |r 2016-12-01 00:00:00 |w 2016-12-01 |y ARXIU | ||
| 999 | |c 49232 |d 49232 | ||